[Event "Brno op 8th"]
[Site "Brno"]
[Date "2018.11.14"]
[Round "6"]
[White "Galik, Adam"]
[Black "Kirs, Pavel"]
[Result "0-1"]
[WhiteElo "1195"]
[BlackElo "1577"]
[PlyCount "64"]
[EventDate "2018.11.10"]
[EventType "swiss"]
[EventRounds "9"]
[EventCountry "CZE"]
[SourceTitle "CBM 187 Extra"]
[Source "ChessBase"]
[SourceDate "2018.11.04"]
[SourceVersion "1"]
[SourceVersionDate "2018.11.04"]
[SourceQuality "1"]

1. e4 b6 2. d4 Bb7 3. Nc3 e6 4. Nf3 Bb4 5. Bd3 c5 6. 0-0 cxd4 7. Nb5 Nc6 8. Nfxd4 Nxd4 9. Nxd4 e5 10. Nb5 a6 11. c3 Be7 12. Na3 Bxa3 13. bxa3 Nf6 14. f4 0-0 15. fxe5 Ne8 16. Bc4 Qe7 17. Qd4 Rc8 18. Bd5 Bxd5 19. exd5 Qc5 20. Be3 Qxa3 21. Qxb6 Rxc3 22. Rf3 Nc7 23. Bc5 Qxc5+ 24. Qxc5 Rxc5 25. d6 Ne6 26. Re3 a5 27. Rae1 Rb8 28. Re4 Rbb5 29. Ra4 Rxe5 30. Rxe5 Rxe5 31. g4 h6 32. h4 g5 0-1

[Event "EU Amateur-ch"]
[Site "Ruzomberok"]
[Date "2016.06.12"]
[Round "9"]
[White "Galik, Adam"]
[Black "Balvan, Filip"]
[Result "0-1"]
[WhiteElo "1227"]
[BlackElo "1441"]
[PlyCount "112"]
[EventDate "2016.06.06"]
[EventType "swiss"]
[EventRounds "9"]
[EventCountry "SVK"]
[SourceTitle "CBM 172 Extra"]
[Source "ChessBase"]
[SourceDate "2016.06.21"]
[SourceVersion "1"]
[SourceVersionDate "2016.06.21"]
[SourceQuality "1"]

1. e4 d6 2. d4 Nf6 3. Nc3 g6 4. Bg5 Bg7 5. Qd3 0-0 6. 0-0-0 Nc6 7. Nf3 a6 8. Be2 b5 9. e5 Bf5 10. Qd2 dxe5 11. dxe5 Qxd2+ 12. Rxd2 Ng4 13. Nd4 Nxd4 14. Rxd4 Bxe5 15. Rb4 Nf6 16. Bxf6 Bxf6 17. Nd5 c5 18. Nxf6+ exf6 19. Rb3 Rfe8 20. Bf3 Be4 21. Re3 Bxf3 22. Rxe8+ Rxe8 23. gxf3 Kg7 24. Kd2 f5 25. Re1 Rxe1 26. Kxe1 Kf6 27. Kd2 Ke5 28. Ke3 g5 29. a3 h5 30. b3 f4+ 31. Kd3 f5 32. c4 g4 33. cxb5 axb5 34. a4 h4 35. a5 Kd6 36. a6 Kc7 37. a7 Kb7 38. a8Q+ Kxa8 39. Kc3 g3 40. fxg3 fxg3 41. hxg3 hxg3 42. b4 cxb4+ 43. Kxb4 g2 44. Kxb5 g1Q 45. Kc6 Qc1+ 46. Kd5 Qf4 47. Ke6 Kb7 48. Kf7 Qg5 49. f4 Qh6 50. Kg8 Qxf4 51. Kh8 Qg3 52. Kh7 f4 53. Kh6 f3 54. Kh5 f2 55. Kh6 f1Q 56. Kh5 Qfh3# 0-1